01649cam a22003857a 4500003000500000005001700005008004100022010001000063011001000073020001500083035001000098040000900108082001500117110008000132245014400212260008900356300002000445590004100465590004100506590004100547590004100588590004100629590004200670650003800712650005700750650004400807710007900851710005500930901000700985905002300992942001001015949007501025999001701100952014601117CHAP20220329141852.0980317d1995 mx ab r 00110 spa d a75023 a75995 a9688173339 a85569 cCHAP04a333.95bM42 aMéxico. Secretaría de Medio Ambiente, Recursos Naturales y Pesca97720110aReservas de la biósfera y otras áreas naturales protegidas de Méxicoc/por Secretaría de Medio Ambiente, Recursos Naturales y Pesca0 aMéxico, D.F. :bSecretaría de Medio Ambiente, Recursos Naturales y Pesca,c1995. a159 p. :bilus. aBATCH-UPDb10c20130110lUCH01h0436 aBATCH-UPDb10c20130110lUCH01h2205 aBATCH-UPDb10c20130410lUCH01h0111 aBATCH-UPDb10c20130410lUCH01h1648 aBATCH-UPDb10c20130914lUCH01h1649 aCONVERSIONb10c20130109lUCH01h134114aÁreas protegidasxMexico.9687314aRecursos naturalesxConservaciónxMéxico.99524214aVida silvestrexConservación.91191660 aComisión Nacional para el Conocimiento y Uso de la Biodiversidad.9258210 aInstituto Nacional de Ecología. México.959296 aBK aGuadalupe Pinto C. cLIBRO a338.95 M4bBCcCd33724000591111eCgI.185301h92529i85569sbt335.00 c75023d75023 00102ddc4051708CaBCbBCcPA_CONSULTAd2019-12-31eI.185301fLIBROl0o338.95 M4p33724002546769r2019-12-31 00:00:00w2019-12-31yLIBRO